Statistiques concernant Nommez cette personne historique n°2

Cliquez ici pour prendre le quiz!

Statistiques générales

  • Ce quiz a été pris 99 fois
  • Le résultat moyen est 12 sur 20

Statistiques - réponses

Answer % Correct
Elvis Presley
99%
Charlie Chaplin
97%
Mohandas Gandhi
97%
Louis XIV
93%
Joseph Staline
93%
Jeanne d'Arc
91%
Marie Curie
89%
Winston Churchill
88%
Martin Luther King Jr
88%
Ludwig van Beethoven
80%
Geronimo
52%
Benjamin Franklin
46%
Rembrandt
41%
Empereur Guillaume II
37%
Hô Chi Minh
36%
Douglas MacArthur
29%
Woodrow Wilson
26%
Mark Twain
23%
Léon Tolstoï
22%
Robert E Lee
11%

Distribution des résultats

Percentile by Number Answered

% des personnes avec chaque résultat

Votre développement - résultats

Vous n’avez pas pris ce quiz